<The> Second Shift Working Parents and the Revolution at Home
Salvato in:
| Autore principale: | |
|---|---|
| Altri autori: | |
| Natura: | Libro |
| Lingua: | inglese |
| Pubblicazione: |
New York
Viking Penguin
1989
|
| Edizione: | 1. ed. |
| Soggetti: | |
| Tags: |
Nessun Tag, puoi essere il primo ad aggiungerne!!
|
MARC
| LEADER | 00000nam a2200000 4500 | ||
|---|---|---|---|
| 001 | c019529 | ||
| 005 | 20221206131614.5 | ||
| 020 | |a 0-670-82463-1 | ||
| 041 | 0 | |a eng | |
| 044 | |a US | ||
| 245 | 1 | 0 | |a <The> Second Shift |b Working Parents and the Revolution at Home |c Arlie Hochschild, Anne Machung |
| 250 | |a 1. ed. | ||
| 264 | 1 | |a New York |b Viking Penguin |c 1989 | |
| 300 | |a 309 s. | ||
| 610 | 2 | 0 | |a rodina |
| 610 | 2 | 0 | |a práca žien |
| 610 | 2 | 0 | |a práca z domu |
| 610 | 2 | 0 | |a domácnosti |
| 610 | 2 | 0 | |a štúdie prípadové |
| 610 | 2 | 0 | |a deti |
| 610 | 2 | 0 | |a USA |
| 610 | 2 | 0 | |a žena a rodina |
| 100 | 1 | |a Hochschild, Arlie | |
| 700 | 1 | |a Machung, Anne | |